Ч. 2; Газогенераторные установки

Dades bibliogràfiques
Parent link:Газогенераторные установки: в 2 ч./ Д. Б. Гинзбург. Ч. 2.— , 1937
Idioma:rus
Publicat: 1937
Matèries:
Format: MixedMaterials Llibre
KOHA link:https://koha.lib.tpu.ru/cgi-bin/koha/opac-detail.pl?biblionumber=261809

MARC

LEADER 00000nam2a2200000 4500
001 261809
005 20231101233609.0
035 |a (RuTPU)RU\TPU\book\284790 
090 |a 261809 
100 |a 20140527d1937 k y0rusy50 ca 
101 0 |a rus 
102 |a RU 
105 |a a z 001zy 
200 0 |a Ч. 2 
210 |d 1937 
215 |a 604 с.  |c ил. 
320 |a Библиогр.: с. 586-598 
320 |a Предметный указатель: с. 599-603 
461 1 |0 (RuTPU)RU\TPU\book\304643  |t Газогенераторные установки  |o в 2 ч.  |f Д. Б. Гинзбург  |v Ч. 2  |d 1937 
606 1 |a Газогенераторы  |2 stltpush  |3 (RuTPU)RU\TPU\subj\33358  |9 55624 
610 1 |a газогенераторные установки 
610 1 |a генераторный газ 
610 1 |a производство 
610 1 |a древесина 
610 1 |a торф 
610 1 |a бурый уголь 
610 1 |a каменный уголь 
610 1 |a кокс 
610 1 |a сланцы 
610 1 |a получение 
610 1 |a расчеты 
610 1 |a оборудование 
675 |a 662.76.032  |v 3 
801 1 |a RU  |b 63413507  |c 20140527 
801 2 |a RU  |b 63413507  |c 20160609  |g RCR 
942 |c BK